Countries With Similar Flags1 - Statistics

General Stats
  • This quiz has been taken 60 times
  • The average score is 14 of 15
Answer Stats
Picture Answer % Correct
Ireland
100%
Australia
97%
Germany
97%
Japan
97%
New Zealand
97%
Poland
97%
Russia
97%
South Korea
97%
Turkey
97%
Belgium
95%
Indonesia
95%
Ivory Coast|Cote d Ivore
92%
Netherlands
92%
Monaco
87%
Tunisia
87%
No matching quizzes found
Score Distribution
Percent of People with Each Score
Percentile by Number Answered
Your Score History
You have not taken this quiz